000 01139njm a22002897a 4500
005 20100918120820.0
007 sd ammalaaahaa
008 100918t xxu||||| |||| 00| 0 hin d
028 _aIND. 1035 A
_bCBS
035 _aGR-03664
040 _aSED/VEN
100 _920657
_aKishore Kumar
245 _aAnand aur Anand :
_cby Kishore Kumar ; music by R. D. Burman ; lyrics by Anjaan
_h[sound recording] :
_ban orginal soundtrack recording /
246 _aआनंद और आनंद (किशोर कुमार )
260 _aDum Dum India
_bCBS
_c1983
300 _a1 sound disc [Gramophone record] :
_banalog, 331/3 rpm
_c12 in (LP)
_fGramophone Record
500 _aBrief Record
500 _aCBS
500 _aOrange
505 _aMere liye soona soona part 1 (Anand aur Anand) (Kishore Kumar) Main awara hi sahi part 2 (Ananad aur Anand) (Abhijeet)
650 _vFilmi Song
_xExcerpts
_zIndia
_920658
_aClassical Music
700 _aBurman, R. D.
_920659
700 _920660
_aAnjaan
700 _920674
942 _2ddc
_cGR
999 _c46870
_d46870